000
00458nam a2200169Ia 4500
008
090711s9999 xx 000 0 und d
082
_b
18176
100
_a
जोशी ए. वि.
245
_a
रानभूल
260
_b
मौज प्रकाशन
_c
1957
300
_a
221
600
_a
जोशी ए. वि.
630
_a
रानभूल
700
_a
जोशी ए. वि.
730
_a
रानभूल
942
_c
BOOK
999
_c
293772
_d
293772